Beyond the politics of race : an alternative history of Fiji to 1992 /

Bibliographic Details
Main Author: Sutherland, William
Format: Book
Language:English
Published: Canberra : Dept. of Political and Social Change, Research School of Pacific Studies, Australian Naional University, 1992.
Series:Political and social change monograph ; 15.
Subjects:

MARC

Tag First Indicator Second Indicator Subfields
LEADER 00000cam a2200000ua 4500
001 in00001107521
005 20150930061231.0
008 920922s1992 at b 001 0 eng d
020 |a 0731513878 
035 |a (OCoLC)26838637 
035 |9 AFU9017AM 
040 |a NYP  |c NYP  |d CUS  |d AUT  |d UtOrBLW 
043 |a pofj--- 
049 |a TXAM 
082 0 4 |a 320.99611  |2 20 
090 |a DU600  |b .S87 1992 
100 1 |a Sutherland, William. 
245 1 0 |a Beyond the politics of race :  |b an alternative history of Fiji to 1992 /  |c William Sutherland. 
264 1 |a Canberra :  |b Dept. of Political and Social Change, Research School of Pacific Studies, Australian Naional University,  |c 1992. 
300 |a vii, 251 pages :  |b illustrations ;  |c 23 cm. 
336 |a text  |b txt  |2 rdacontent 
337 |a unmediated  |b n  |2 rdamedia 
338 |a volume  |b nc  |2 rdacarrier 
490 1 |a Political and social change monograph ;  |v 15 
504 |a Includes bibliographical references and index. 
651 0 |a Fiji  |x Race relations. 
651 0 |a Fiji  |x Politics and government. 
651 0 |a Fiji  |x History. 
830 0 |a Political and social change monograph ;  |v 15. 
999 |a MARS 
999 f f |s 219b86b2-1d80-314e-932d-031558a4659b  |i 9fcde186-fe7e-34f7-b6d4-cd25d539b569  |t 0 
952 f f |p ric  |a Texas A&M University  |b Rellis Campus  |c Joint Library Facility  |d Remote Storage  |t 0  |e DU600 .S87 1992  |h Library of Congress classification  |i unmediated -- volume  |m A14817424555 
998 f f |a DU600 .S87 1992  |t 0  |l Remote Storage